<?xml version="1.0" encoding="UTF-8"?>
<marc:record xmlns:marc="http://www.loc.gov/MARC21/slim">
   <marc:leader>00000nam a2200000 a 4500</marc:leader>
   <marc:datafield ind1="1" ind2=" " tag="100">
      <marc:subfield code="a">Gemmel, Stefan</marc:subfield>
      <marc:subfield code="4">aut</marc:subfield>
      <marc:subfield code="e">Verfasser/-in</marc:subfield>
   </marc:datafield>
   <marc:datafield ind1=" " ind2=" " tag="653">
      <marc:subfield code="a">Antolin</marc:subfield>
   </marc:datafield>
   <marc:datafield ind1=" " ind2=" " tag="653">
      <marc:subfield code="a">Freund</marc:subfield>
   </marc:datafield>
   <marc:datafield ind1=" " ind2=" " tag="653">
      <marc:subfield code="a">Plan</marc:subfield>
   </marc:datafield>
   <marc:datafield ind1=" " ind2=" " tag="653">
      <marc:subfield code="a">Fall</marc:subfield>
   </marc:datafield>
   <marc:datafield ind1=" " ind2=" " tag="653">
      <marc:subfield code="a">Zauberkugel</marc:subfield>
   </marc:datafield>
   <marc:datafield ind1="0" ind2="0" tag="245">
      <marc:subfield code="a">Das Vermächtnis der Dschinn (12)</marc:subfield>
   </marc:datafield>
   <marc:datafield ind1=" " ind2="1" tag="264">
      <marc:subfield code="b">Carlsen Verlag GmbH</marc:subfield>
      <marc:subfield code="c">2026</marc:subfield>
   </marc:datafield>
   <marc:datafield ind1="1" ind2=" " tag="490">
      <marc:subfield code="a">Im Zeichen der Zauberkugel</marc:subfield>
   </marc:datafield>
   <marc:datafield ind1="1" ind2=" " tag="520">
      <marc:subfield code="a">Was ist gefährlicher als ein böser Dschinn? Dreißig böse Dschinns . Das neue Zauberkugel-Abenteuer hat es in sich!

Alex und Sahli trauen ihren Augen kaum! Argus' finsterer Plan, der ihn bis nach Stonehenge in England geführt hat, scheint tatsächlich aufgegangen zu sein. Denn jetzt haben die Freunde es nicht mehr nur mit einem Dschinn zu tun, sondern gleich mit dreißig! Und alle verfolgen das gleiche Ziel: ihren Meister an die Macht zu bringen. Das müssen die beiden Jungs zusammen mit den Zwillingen und der Gestaltwandlerin Charda natürlich in jedem Fall verhindern. Die Frage ist bloß: Wie sollen sie gegen eine ganze Horde Argusse ankommen?</marc:subfield>
   </marc:datafield>
   <marc:datafield ind1=" " ind2=" " tag="020">
      <marc:subfield code="a">9783551651785</marc:subfield>
      <marc:subfield code="9">9783551651785</marc:subfield>
   </marc:datafield>
</marc:record>
